New York Jets 2022-2023 Roster - Statistics

General Stats
  • This quiz has been taken 207 times
  • The average score is 15 of 28
Answer Stats
Hint Answer % Correct
QB Zach Wilson
100%
QB Mike White
89%
CB Bryce Hall
86%
RB Michael Carter
84%
SCB Michael Carter II
84%
WR Corey Davis
79%
OLB Quincy Williams
77%
DT Quinnen Williams
77%
SS Ashtyn Davis
74%
WR Elijah Moore
68%
TE Tyler Conklin
62%
MLB Cj Mosley
61%
TE Cj Uzomah
55%
LT Mekhai Becton
55%
WR Braxton Berrios
54%
LG Alijah Vera Tucker
53%
P Brandon Man
48%
CB Dj Reed
47%
C Connor Mcgovern
45%
DE Carl Lawson
43%
DE John Franklin Myers
36%
RT George Fant
33%
RG Laken Tomlinson
30%
FS Jordan Whitehead
29%
DT Sheldon Rankins
28%
RB Tevon Coleman
26%
K Eddie Pineiro
9%
OLB Hamsah Nasirildeen
8%
No matching quizzes found
Score Distribution
Percent of People with Each Score
Percentile by Number Answered
Your Score History
You have not taken this quiz